Gerontorheumatology (Запис № 449836)

МАРК-запис
000 -LEADER
fixed length control field 04985nam a22005775i 4500
001 - CONTROL NUMBER
control field 978-3-319-31169-2
003 - CONTROL NUMBER IDENTIFIER
control field DE-He213
005 - DATE AND TIME OF LATEST TRANSACTION
control field 20210118140610.0
007 - PHYSICAL DESCRIPTION FIXED FIELD--GENERAL INFORMATION
fixed length control field cr nn 008mamaa
008 - FIXED-LENGTH DATA ELEMENTS--GENERAL INFORMATION
fixed length control field 170120s2017 gw | s |||| 0|eng d
020 ## - INTERNATIONAL STANDARD BOOK NUMBER
International Standard Book Number 9783319311692
-- 978-3-319-31169-2
024 7# - OTHER STANDARD IDENTIFIER
Standard number or code 10.1007/978-3-319-31169-2
Source of number or code doi
050 #4 - LIBRARY OF CONGRESS CALL NUMBER
Classification number RC952-954.6
072 #7 - SUBJECT CATEGORY CODE
Subject category code MJX
Source bicssc
072 #7 - SUBJECT CATEGORY CODE
Subject category code MED032000
Source bisacsh
072 #7 - SUBJECT CATEGORY CODE
Subject category code MKN
Source thema
082 04 - DEWEY DECIMAL CLASSIFICATION NUMBER
Classification number 618.97
Edition number 23
082 04 - DEWEY DECIMAL CLASSIFICATION NUMBER
Classification number 612.67
Edition number 23
245 10 - TITLE STATEMENT
Title Gerontorheumatology
Medium [electronic resource] /
Statement of responsibility, etc edited by Jozef Rovenský.
250 ## - EDITION STATEMENT
Edition statement 1st ed. 2017.
264 #1 -
-- Cham :
-- Springer International Publishing :
-- Imprint: Springer,
-- 2017.
300 ## - PHYSICAL DESCRIPTION
Extent XVIII, 377 p. 170 illus., 72 illus. in color.
Other physical details online resource.
336 ## -
-- text
-- txt
-- rdacontent
337 ## -
-- computer
-- c
-- rdamedia
338 ## -
-- online resource
-- cr
-- rdacarrier
347 ## -
-- text file
-- PDF
-- rda
505 0# - FORMATTED CONTENTS NOTE
Formatted contents note Pathogenesis, clinical symptoms and therapy of rheumatoid arthritis -- Osteoporosis in rheumatoid arthritis in elderly patients -- Biological therapy of rheumatoid arthritis -- Systemic lupus erythematosus -- Sjögren’s syndrome -- Systemic scleroderma -- Vasculitis -- Polymyalgia rheumatic and giant cell arteritis -- Aortal aneurysm as a lethal complication of giant cell arteritis -- Relapsing polychondritis -- RS3PE – a disease or a syndrome? -- Clinical and laboratory features of paraneoplastic rheumatic syndromes -- Osteoarthritis -- Arthropathy in hemochromatosis -- Diabetic Charcot's neurogenic osteoarthropathy -- Changes of musculoskeletal system in metabolic syndrome -- Clinical symptoms in gouty arthritis -- X-ray and ultrasound picture of chondrocalcinosis -- Alkaptonuria and ochronosis -- Metabolic osteopathy in celiac disease manifested in elderly patients -- Celiac disease in elderly patients -- Bone and joint involvement in celiac disease -- Diffuse idiopathic skeletal hyperostosis -- Senile osteoporosis -- Nutrition and osteoporosis -- Neck and shoulder pain -- Vertebrogenic diseases -- Pain -- Pharmacotherapy of rheumatic diseases -- Drug-induced rheumatic syndromes -- Rehabilitation in rheumatic diseases -- Surgical treatment of the consequences of rheumatic diseases -- Paget’s disease of bone -- Involutional osteoporosis: sarcopenia, frailty syndrome and falls -- Systemic enzyme therapy in complex treatment of degenerative rheumatic diseases in the elderly patients.
520 ## - SUMMARY, ETC.
Summary, etc This book covers all aspects of the specialized field of gerontorheumatology, providing a complete overview of rheumatic and musculoskeletal diseases and related conditions in the elderly. The emphasis is particularly on pathogenesis, diagnosis, prevention, and treatment, including the latest advances in biological and pharmacological therapy and potential treatment side effects. The book will provide the reader with a keen awareness of the characteristic features, distinctive etiologies, and different courses of the various disorders of the musculoskeletal system in the geriatric population. Diagnostic and treatment considerations of special relevance in daily practice are highlighted, and the importance of comorbidities and their rheumatic consequences is also emphasized. The book will be of value for gerontologists, rheumatologists, internists, and rehabilitation physicians and will offer excellent guidance for general practitioners, who are typically the first to deal with disorders of the musculoskeletal system in elderly patients.
506 ## - RESTRICTIONS ON ACCESS NOTE
Terms governing access Available to subscribing member institutions only. Доступно лише організаціям членам підписки.
506 ## - RESTRICTIONS ON ACCESS NOTE
Standardized terminology for access restriction Online access from local network of NaUOA.
506 ## - RESTRICTIONS ON ACCESS NOTE
Standardized terminology for access restriction Online access with authorization at https://link.springer.com/
506 ## - RESTRICTIONS ON ACCESS NOTE
Standardized terminology for access restriction Онлайн-доступ з локальної мережі НаУОА.
506 ## - RESTRICTIONS ON ACCESS NOTE
Standardized terminology for access restriction Онлайн доступ з авторизацією на https://link.springer.com/
650 #0 - SUBJECT ADDED ENTRY--TOPICAL TERM
Topical term or geographic name as entry element Geriatrics.
650 #0 - SUBJECT ADDED ENTRY--TOPICAL TERM
Topical term or geographic name as entry element Rheumatology.
650 #0 - SUBJECT ADDED ENTRY--TOPICAL TERM
Topical term or geographic name as entry element Rehabilitation.
650 14 - SUBJECT ADDED ENTRY--TOPICAL TERM
Topical term or geographic name as entry element Geriatrics/Gerontology.
-- http://scigraph.springernature.com/things/product-market-codes/H33150
650 24 - SUBJECT ADDED ENTRY--TOPICAL TERM
Topical term or geographic name as entry element Rheumatology.
-- http://scigraph.springernature.com/things/product-market-codes/H33170
650 24 - SUBJECT ADDED ENTRY--TOPICAL TERM
Topical term or geographic name as entry element Rehabilitation.
-- http://scigraph.springernature.com/things/product-market-codes/H55006
700 1# - ADDED ENTRY--PERSONAL NAME
Personal name Rovenský, Jozef.
Relator term editor.
Relator code edt
-- http://id.loc.gov/vocabulary/relators/edt
710 2# - ADDED ENTRY--CORPORATE NAME
Corporate name or jurisdiction name as entry element SpringerLink (Online service)
773 0# - HOST ITEM ENTRY
Title Springer eBooks
776 08 - ADDITIONAL PHYSICAL FORM ENTRY
Display text Printed edition:
International Standard Book Number 9783319311678
776 08 - ADDITIONAL PHYSICAL FORM ENTRY
Display text Printed edition:
International Standard Book Number 9783319311685
776 08 - ADDITIONAL PHYSICAL FORM ENTRY
Display text Printed edition:
International Standard Book Number 9783319809809
856 40 - ELECTRONIC LOCATION AND ACCESS
Uniform Resource Identifier <a href="https://doi.org/10.1007/978-3-319-31169-2">https://doi.org/10.1007/978-3-319-31169-2</a>
912 ## -
-- ZDB-2-SME
942 ## - ADDED ENTRY ELEMENTS (KOHA)
Koha item type ЕКнига

Немає доступних примірників.